• 首页
  • 本馆介绍
  • 公告通知
  • 最新文献
  • 馆藏检索
  • 电子资源
  • 读者导购
  • 参考咨询
  • 我的图书馆
  • 登录
  • 详细信息显示
  • 放入我的书架
  • 预约/预借图书
  • 作者相关作品
  • 分类相关作品
  • 丛书相关作品
  • 出版社相关作品

书目信息

  • 表格格式
  • 工作单格式
  • 卡片格式
题名:
硫同位素地球化学
    
 
作者: 格里年科 , Гриненко 著 ;赵瑞 译
分册:  
出版信息: 北京   科学出版社  1980
页数: 235页
开本: 25cm
丛书名:
单 册:
中图分类: P595
科图分类:
主题词: 地球化学-硫同位素 , 硫同位素-地球化学
电子资源:
ISBN:
000 00900nam0 2200289 45
001 0180005389
005 20060819174807.15
010    @dCNY2.40
091    @a13031.1365
100    @a19950817d1980 emky0chiy0121 ea
101 1  @achi@crus
102    @aCN@b110000
105    @ay z 000yy
200 10 @a硫同位素地球化学@Aliu tong wei su di qiu hua xue@f(苏)格里年科(В.А.Гриненко)@g赵瑞译
210    @a北京@c科学出版社@d1980
215    @a235页@d25cm
300    @a书名原文:Геохимия изотопов серы
510 1  @aГеохимия изотопов серы@zrus
606    @a地球化学-硫同位素
606    @a硫同位素-地球化学
690    @aP595@v3
701  1 @a格里年科@Age li nian ke@bВ.А.@4著
701 A1 @aГриненко@bВ.А.@4著
702  0 @a赵瑞@Azhao rui@4译
801  0 @aCN@bTSSF@c20060819
801  2 @aCN@bNLC@c20060726
905    @a10447@dP595@e81
    
    硫同位素地球化学/(苏)格里年科(В.А.Гриненко)/赵瑞译.-北京:科学出版社,1980
    235页;25cm
    书名原文:Геохимия изотопов серы
    
    ISBN :CNY2.40
    
●
相关链接 在E读中查询图书 在五车中查询图书 在当当中查询图书 在豆瓣中查询图书


正题名:硫同位素地球化学     索取号:P595/81         预约/预借

序号 登录号 条形码 馆藏地/架位号 状态 备注
1 0438603   204386039   密集书库/ [索取号:P595/81] 在馆    
2 0470242   204702429   密集书库/ [索取号:P595/81] 在馆    
唐山师范学院图书馆 欢迎您!
大连网信软件有限公司© 版权所有